000 00694nam a22002177a 4500
003 UA-OsUOA
001 10188
007 ta
008 20050105b un ||||| |||| 00| 0 ukr d
100 _aОпанасюк О.Є.
700 _aБалюрко В.С.
942 _cSA
040 _aUA-OsUOA
_bukr
_cUA-OsUOA
_dUA-OsUOA
245 _aНа здобуття премії імені І.Огієнка: [ Поети - Вовк І., Павлюк І., Кобець В. та ін.]
300 _aС.2
955 _a0
041 _aukr
044 _aUA
773 0 _w0
_tЛітературна Україна
_dКиїв
_d2004
_g№51 /30груд./
650 7 _aЛітературні премії
_2UDC
999 _c296349
_d296349